COLOR ATLAS OF REPRODUCTIVE PATHOLOGY OF DOMESTIC ANIMALS (Record no. 17201)

MARC details
000 -LEADER
fixed length control field 00483nam a22001817a 4500
003 - CONTROL NUMBER IDENTIFIER
control field OSt
005 - DATE AND TIME OF LATEST TRANSACTION
control field 20211109091833.0
008 - FIXED-LENGTH DATA ELEMENTS--GENERAL INFORMATION
fixed length control field 211109b |||||||| |||| 00| 0 eng d
020 ## - INTERNATIONAL STANDARD BOOK NUMBER
International Standard Book Number 0815113056
040 ## - CATALOGING SOURCE
Transcribing agency HAWASSA UNIVERSITY
050 ## - LIBRARY OF CONGRESS CALL NUMBER
Classification number 636.0896/BUL
Item number 1
082 ## - DEWEY DECIMAL CLASSIFICATION NUMBER
Classification number 636.0896/BUL
Item number 1
100 ## - MAIN ENTRY--PERSONAL NAME
Personal name BUERGELT CLAUS D.
9 (RLIN) 17380
245 ## - TITLE STATEMENT
Title COLOR ATLAS OF REPRODUCTIVE PATHOLOGY OF DOMESTIC ANIMALS
260 ## - PUBLICATION, DISTRIBUTION, ETC.
Place of publication, distribution, etc. NEW YORK
Name of publisher, distributor, etc. LONDON
Date of publication, distribution, etc. 1997
300 ## - PHYSICAL DESCRIPTION
Extent 219
942 ## - ADDED ENTRY ELEMENTS (KOHA)
Source of classification or shelving scheme Dewey Decimal Classification
Koha item type Books like text book referance book
Suppress in OPAC No
Holdings
Withdrawn status Lost status Source of classification or shelving scheme Damaged status Not for loan Home library Current library Date acquired Full call number Barcode Date last seen Copy number Price effective from Koha item type Total Checkouts
    Dewey Decimal Classification     College of Agriculture Library College of Agriculture Library 11/09/2021 636.0896/BUL ALIB0008420 11/09/2021 7 11/09/2021 Books like text book referance book  
    Dewey Decimal Classification     College of Agriculture Library College of Agriculture Library 11/09/2021 636.0896/BUL ALIB0008419 11/09/2021 4 11/09/2021 Books like text book referance book